A nose for landfill (Record no. 67049)
[ view plain ]
| 000 -LEADER | |
|---|---|
| fixed length control field | 01206cam a2200241 4500 |
| 001 - CONTROL NUMBER | |
| control field | ABS64077 |
| 008 - FIXED-LENGTH DATA ELEMENTS--GENERAL INFORMATION | |
| fixed length control field | 000000n2001 000 0 eng u |
| 035 ## - SYSTEM CONTROL NUMBER | |
| System control number | (Sirsi) u112649 |
| 100 ## - MAIN ENTRY--PERSONAL NAME | |
| Personal name | Broomfield, M |
| 245 #2 - TITLE STATEMENT | |
| Title | A nose for landfill |
| 260 ## - PUBLICATION, DISTRIBUTION, ETC. | |
| Date of publication, distribution, etc. | 2001 |
| 490 ## - SERIES STATEMENT | |
| Series statement | Wastes Management |
| Volume/sequential designation | April 2001, 24-26(3) |
| 520 ## - SUMMARY, ETC. | |
| Summary, etc. | Reports on the problem of landfill site odours. Identifies reasons why only certain landfill sites suffer from odours and discusses the main causes of odours; waste tipping and landfill gas. Looks at the EU Landfill Directive which requires the reduction of biodegradable municipal waste and is likely to also reduce the volume of landfill gas generated. Introduces the draft standard, "Determination of odour concentration by dynamic olfactometry" (prEN13725), which sets down procedures for determining odour strength, and discusses methods of controlling landfill odours. Table. Graph. |
| 590 ## - LOCAL NOTE (RLIN) | |
| Local note | ABS |
| 650 ## - SUBJECT ADDED ENTRY--TOPICAL TERM | |
| Topical term or geographic name entry element | LANDFILL SITES |
| 650 ## - SUBJECT ADDED ENTRY--TOPICAL TERM | |
| Topical term or geographic name entry element | EUROPEAN UNION |
| 650 ## - SUBJECT ADDED ENTRY--TOPICAL TERM | |
| Topical term or geographic name entry element | ODOUR |
| 650 ## - SUBJECT ADDED ENTRY--TOPICAL TERM | |
| Topical term or geographic name entry element | LANDFILL GAS |
| 650 ## - SUBJECT ADDED ENTRY--TOPICAL TERM | |
| Topical term or geographic name entry element | MUNICIPAL SOLID WASTE |
| 650 ## - SUBJECT ADDED ENTRY--TOPICAL TERM | |
| Topical term or geographic name entry element | DIRECTIVE 99/31/EC |
| 690 ## - LOCAL SUBJECT ADDED ENTRY--TOPICAL TERM (OCLC, RLIN) | |
| Topical term or geographic name as entry element | ENVIRONMENTAL AND LAND CONSULTANCY-WASTE MANAGEMENT |
| 942 ## - ADDED ENTRY ELEMENTS (KOHA) | |
| Suppress in OPAC | 0 |
| Withdrawn status | Lost status | Source of classification or shelving scheme | Damaged status | Not for loan | Home library | Current library | Shelving location | Date acquired | Total Checkouts | Full call number | Barcode | Date last seen | Copy number | Price effective from | Koha item type |
|---|---|---|---|---|---|---|---|---|---|---|---|---|---|---|---|
| Dewey Decimal Classification | London | London | Journal article | 17/05/2001 | ABS64077 | 112649-1001 | 06/08/2019 | 1 | 06/08/2019 | Journal article |